000
00326 a2200157 4500
001
160772
020
_a
040
_c
Magnum
100
_a
Telles, Carlos Queiroz
240
1
0
_a
Nossos bichos na tv
_l
por
245
1
0
_a
Nossos bichos na tv
362
0
_a
1899
440
1
_a
Scipione
697
_a
IJ/DIDATICO
942
_c
BK
999
_c
160772
_d
160772